1595 1537 1601 1766 1200 1445 1704 1588 1288 1126 1934 1499 1026 1511 1581 1522 1809 1571 1631 1324 1914 1165 1485 1200 1498 1869 1075 1113 1107 1230 1337 1864 1812 1555 1771 1274 1648 1301 1192 1905 1830 1122 1141 1006 1861 1937 1990 1343 1234 1244 1778 1690 1958 1558 1494 1841 1236 1228 1198 1625 1472 1256 1362 1261 1499 1603 1023 1703 1283 1131 1723 1100 1935 1336 1563 1191 1523 1495 1048 1483 1262 1824 1377 1267 1787 1438 1371 1470 1868 1438 1768 1465 1078 1176 1718 1674 1745 1266 1024 BCNSPRNW ULIB Ver.6.0+V

เปลี่ยนเป็นภาษาไทย

Change to English
 แสดงรายละเอียดบรรณานุกรม
  กลับหน้าหลัก

Brief Record : Get Marc (ISO 2709) : E-mail record : QR code < ปิดหน้าต่าง
LEADER : 00000nam 2200000uu 4500
001    13399126300
003     ULIB
008    180905s2559||||th 000 0 tha d
020    ^a9786164130630
060 04 ^aWY157^bอ886ก
100 0  ^aเอมพร รตินธร
245 10 ^aการดูแลต่อเนื่อง หัวใจในการพัฒนาคุณภาพการปฏิบัติการผดุงครรภ์ =^bContinuity of care : the core of quality improvement in midwifery practice/^cเอมพร รตินธร
246 30 ^aการพัฒนาคุณภาพการปฏิบัติการผดุงครรภ์
246 31 ^aContinuity of care :^bthe core of quality improvement in midwifery practice
250    ^aพิมพ์ครั้งที่ 1
260    ^aกรุงเทพฯ :^bคณะพยาบาลศาสตร์ มหาวิทยาลัยมหิดล,^c2559
300    ^aก-ง, 108 หน้า :^bภาพประกอบ, ตาราง ;^c23 ซม.
505 0  ^aบทที่ 1 บทนำ : การดูแลต่อเนื่องโดยผดุงครรภ์สำคัญอย่างไรในการปฏิบัติการผดุงครรภ์ -- บทที่ 2 การดูแลต่อเนื่องโดยผดุงครรภ์คืออะไร -- บทที่ 3 ทำอย่างไรหากต้องการให้เกิดการดูแลต่อเนื่องโดยผดุงครรภ์ในระบบบริการสุขภาพ -- บทที่ 4 ตัวอย่าง : การพัฒนาระบบการดูแลต่อเนื่องโดยผดุงครรภ์สำหรับสตรีตั้งครรภ์วัยรุ่น -- บทที่ 5 บทสรุป : ก้าวต่อไปเพื่อการเริ่มต้น
650  7 ^aการพยาบาลสูติศาสตร์
650  7 ^aการฝากครรภ์
650  7 ^aครรภ์ในวัยรุ่น
650  7 ^aครรภ์
710 2  ^aมหาวิทยาลัยมหิดล. ^bคณะพยาบาลศาสตร์
945    ^p130^l0^i26515
945    ^p130^l0^i26516
999    ^aกัณชพร จุลอักษร
รายการนี้ยังไม่มีแท็ก
คุณยังไม่ได้ล็อกอิน คุณสามารถมีกิจกรรมร่วมกับเว็บไซต์ได้ แต่ต้องล็อกอินก่อน ::
  ล็อกอิน

รายการสื่อสารสนเทศ

ลำดับที่ ประเภท เลขเรียก/บาร์โค้ด สถานที่ สถานะ
1. หนังสือสำรอง
หนังสือสำรอง
WY157 อ886ก ฉ.1 
  Barcode: 26515
ห้องสมุดวิทยาเขตนครสวรรค์
►หนังสือทั่วไป:l:General Books
บนชั้น
2. วิทยาศาสตร์การแพทย์ และสุขภาพ
วิทยาศาสตร์การแพทย์ และสุขภาพ
WY157 อ886ก ฉ.2 
  Barcode: 26516
ห้องสมุดวิทยาเขตนครสวรรค์
►หนังสือทั่วไป:l:General Books
บนชั้น

รายการใกล้เคียง
    ผู้แต่ง [เอมพร รตินธร]

    หัวเรื่อง [การพยาบาลสูติศาสตร์]
    หัวเรื่อง [การฝากครรภ์]
    หัวเรื่อง [ครรภ์ในวัยรุ่น]
    หัวเรื่อง [ครรภ์]

BibComment


ยังไม่เคยถูกคอมเมนท์

คอมเมนท์ทรัพยากรรายการนี้
  คอมเมนท์: การดูแลต่อเนื่อง..


 Copyright 2026. Bcnsprnw @Library